000 00394nam a22001337a 4500
999 _c520372
_d520372
020 _a9789390644643
082 _aH12x54 J199
100 _aJai, Janak Raj
_932793
245 _aBetrayal on appointments in judiciary: cry my mother cry
_cby Janak Raj Jai
260 _aDelhi
_bLaw & Justice
_c2022
300 _a139+p.
650 _aJudges - India
_932794
650 _aJudicial power - India
_932795